| 000 | 00968nas a2200313 4500 | ||
|---|---|---|---|
| 001 | BR2013009669 | ||
| 003 | BR-BrBNA | ||
| 005 | 20231205123314.0 | ||
| 007 | ta | ||
| 008 | 230509b bl.|||p| |||| 00| 00por d | ||
| 040 |
_aBR-BrBNA _bpor _cBiblioteca Nacional de Agricultura |
||
| 041 | _a(En) | ||
| 072 | _aQ04; Q02 | ||
| 100 | 1 | _aCarvalho, A.V. | |
| 100 | 1 | _aBassinello, P.Z. | |
| 100 | 1 | _aRios, A. de O. | |
| 100 | 1 | _aFerreira, T.F. | |
| 100 | 1 | _aCarvalho, R.N. | |
| 100 | 1 | _aKoakuzu, S.N. | |
| 245 | 1 | _aCharacterization of pre-gelatinized rice and bean flour | |
| 650 | _aPHASEOLUS VULGARIS | ||
| 650 | _aORYZA SATIVA | ||
| 650 | _aEXTRUSÃO | ||
| 650 | _aTECNOLOGIA DE ALIMENTO | ||
| 773 | 0 |
_tCiência e Tecnologia de Alimentos (Brazil) _xISSN 1678-457X _g(Apr-Jun 2013), v. 33(2) p. 245-250 _wBR2013009669 |
|
| 856 | 4 | 0 | _uhttp://www.scielo.br/pdf/cta/v33n2/aop_cta_5804.pdf |
| 909 |
_a202311 _bLúcia _c55 _dLúcia Elande |
||
| 942 |
_2AGRIS _n0 _cANA |
||
| 999 |
_c233225 _d233225 |
||